| 000 | 00433nam a2200157Ia 4500 | ||
|---|---|---|---|
| 999 |
_c6051 _d6051 |
||
| 020 | _a9788187496663 | ||
| 082 | _aRR 920.1724 PRA-D | ||
| 100 | _aPrashad, Vijay | ||
| 245 | 0 | _aDarker nations: a biography of the short-lived third world | |
| 260 |
_aNew Delhi _bLeftword Books _c2007 |
||
| 300 | _a382 | ||
| 504 | _aincludes index | ||
| 650 |
_aInternational relations _vBiography |
||
| 650 |
_aWorld Politcs _vBiography |
||
| 942 | _cBK | ||